000 00777cab a2200229 4500
001 X97015
008 090401t1999 xxu||||| |||| 00| 0 eng d
035 _a(Sirsi) u91678
041 _aeng
245 _aHerbert Smith (a firm) v David Honour (HM Inspector of Taxes)
260 _c1999
350 _a0
490 _aNew Property Cases
_v[1999] NPC 24, (3)
520 _aChD 12 February 1999. The principles of the Statements of Standard Accounting Practice applied to the issue of anticipating future losses. (Taken from Journal headnote) NOT TO BE PHOTOCOPIED.
650 _aLEASES
650 _aOFFICE RENTS
650 _aRENTAL VALUE
650 _aSTATEMENTS OF STANDARD ACCOUNTING PRACTICE
690 _aTAXATION-CASE LAW
942 _n0
948 _c02/03/1999
999 _c58199
_d58199